[Event "2006 Standard Chess Dropout Tournament, Round 2"]
[Site "SchemingMind.com"]
[Date "2006.03.14"]
[Round "2"]
[White "hobasileus"]
[Black "CunningBill"]
[Result "1-0"]
[WhiteCountry "NIR"]
[BlackCountry "USA"]
[WhiteElo "1701"]
[WhiteRD "128"]
[BlackElo "1527"]
[BlackRD "73"]
[GameID "42489"]

1. d4 d5 2. c4 dxc4 3. Nf3 Nf6 4. e3 Bf5 5. Bxc4 e6 6. O-O Bd6 7. Nc3 O-O 8. Re1 c6 9. e4 Bg4 10. h3 Bh5
11. e5 Bxe5 12. dxe5 Qxd1 13. Rxd1 Bxf3 14. gxf3 Nfd7 15. f4 b5 16. Be2 f6 17. Bg4 f5 18. Bf3 Nb6 19. Rd6 b4 20. Nb5 a6
21. Nc7 Ra7 22. Nxe6 Re8 23. Be3 N8d7 24. Bxb6 Nxb6 25. Bxc6 Rc8 26. Rad1 Nc4 27. Rd8+ Rxd8 28. Rxd8+ Kf7 29. Ng5+ Ke7 30. Re8#
1-0

[Event "2006 Standard Chess Dropout Tournament, Round 2"]
[Site "SchemingMind.com"]
[Date "2006.03.13"]
[Round "2"]
[White "hph46"]
[Black "keen"]
[Result "1-0"]
[WhiteCountry "GER"]
[BlackCountry "SCO"]
[WhiteElo "1812"]
[WhiteRD "186"]
[BlackElo "1704"]
[BlackRD "69"]
[GameID "42490"]

1. e4 d5 2. exd5 Qxd5 3. Nc3 Qd6 4. Bc4 Nf6 5. d4 Bg4 6. f3 Bh5 7. Nge2 Nc6 8. Bf4 Qb4 9. Bb5 Nd5 10. a3 Qxb2
11. Nxd5 Rc8 12. Ndc3 Bg6 13. Ra2 Bxc2 14. Qd2 Qb3 15. d5 a6 16. dxc6 Rd8 17. cxb7+ Qxb5 18. Qxd8+
1-0

[Event "2006 Standard Chess Dropout Tournament, Round 2"]
[Site "SchemingMind.com"]
[Date "2006.03.12"]
[Round "2"]
[White "Ilang"]
[Black "eHowitzer"]
[Result "1/2-1/2"]
[WhiteCountry "HUN"]
[BlackCountry "CAN"]
[WhiteElo "2118"]
[WhiteRD "71"]
[BlackElo "2164"]
[BlackRD "69"]
[GameID "42491"]

1. e4 e5 2. Nf3 Nc6 3. Bb5 a6 4. Ba4 Nf6 5. O-O Nxe4 6. d4 b5 7. Bb3 d5 8. dxe5 Be6 9. Nbd2 Nc5 10. c3 Bg4
11. Bc2 Be7 12. Re1 Qd7 13. Nf1 Rd8 14. Ne3 Bh5 15. b4 Ne6 16. Nf5 O-O 17. a4 Bg6 18. axb5 axb5 19. Qe2 d4 20. Rd1 Bxf5
21. Bxf5 Qe8 22. Bb2 dxc3 23. Bxc3 Bxb4 24. Rxd8 Qxd8 25. Bxb4 Nxb4 26. Qxb5 Nd4 27. Qxb4 Nxf5 28. Qc4 Qd7 29. h3 c6 30. Qc5 h6
31. Rc1 Rb8 32. g4 Ne7 33. Nd4 Ng6 34. Nxc6 Re8 35. Qe3 f5 36. e6 Rxe6 37. Qb3 Kh7 38. Nd4= Rd6 39. Nxf5 Rd3=
1/2-1/2

[Event "2006 Standard Chess Dropout Tournament, Round 2"]
[Site "SchemingMind.com"]
[Date "2006.03.14"]
[Round "2"]
[White "inexorable"]
[Black "Erhaem"]
[Result "1/2-1/2"]
[WhiteCountry "USA"]
[BlackCountry "NED"]
[WhiteElo "2016"]
[WhiteRD "102"]
[BlackElo "2008"]
[BlackRD "55"]
[GameID "42492"]

1. e4 e5 2. Bc4 Nf6 3. d4 exd4 4. Nf3 Nxe4 5. Qxd4 Nf6 6. Nc3 Nc6 7. Qh4 Be7 8. Bg5 d6 9. O-O-O Be6 10. Bxe6 fxe6
11. Rhe1 Qd7 12. Qc4 O-O-O 13. Qxe6 Rde8 14. Qxd7+ Nxd7 15. Bxe7 Nxe7 16. Rd2 Nc6 17. Rde2 Rxe2 18. Rxe2 Nf6 19. a3 Kd7 20. Kd2 Re8
21. Rxe8 Kxe8=
1/2-1/2

[Event "2006 Standard Chess Dropout Tournament, Round 2"]
[Site "SchemingMind.com"]
[Date "2006.03.13"]
[Round "2"]
[White "jdcald13"]
[Black "hobasileus"]
[Result "0-1"]
[WhiteCountry "USA"]
[BlackCountry "NIR"]
[WhiteElo "1817"]
[WhiteRD "76"]
[BlackElo "1780"]
[BlackRD "124"]
[GameID "42494"]

1. d4 Nf6 2. Nf3 e6 3. Bg5 h6 4. Bh4 Be7 5. c4 d5 6. Nc3 O-O 7. e3 Ne4 8. Bxe7 Qxe7 9. Nxe4 dxe4 10. Nd2 Qb4
11. Qc2 e5 12. O-O-O exd4 13. exd4 f5 14. g4 Nc6 15. a3 Qe7 16. d5 Ne5 17. gxf5 Bxf5 18. Qb3 Qc5 19. Rg1 Qxf2 20. Rg2 Nd3+
21. Kb1 Qd4 22. Bxd3 Qxd3+ 23. Qxd3 exd3 24. Rdg1 g5 25. h4 g4 26. h5 Rae8 27. b4 Re2 28. Kb2 Rxg2 29. Rxg2 Re8 30. Kc3 Re2
31. Rg1 Kg7 32. a4 Kf6 33. a5 Ke5 34. b5 b6 35. axb6 axb6 36. Rf1 g3 37. Nf3+ Kf4 38. Nd2+ Rf2 39. Rxf2+ gxf2 40. Kd4 Bh3
41. Kxd3 f1=Q+ 42. Nxf1 Bxf1+ 43. Kd4 Be2 44. c5 Bxh5 45. d6 cxd6 46. c6 Bf7 47. c7 Be6
0-1

[Event "2006 Standard Chess Dropout Tournament, Round 2"]
[Site "SchemingMind.com"]
[Date "2006.03.13"]
[Round "2"]
[White "Julio Fuentes"]
[Black "Ryan"]
[Result "1/2-1/2"]
[WhiteCountry "CHI"]
[BlackCountry "NED"]
[WhiteElo "1830"]
[WhiteRD "82"]
[BlackElo "2094"]
[BlackRD "91"]
[GameID "42496"]

1. e4 Nf6 2. Nc3 d5 3. exd5 Nxd5 4. Nxd5 Qxd5 5. d4 Nc6 6. Be3 e5 7. dxe5 Qxe5 8. c3 Bc5 9. Nf3 Qe7 10. Qe2 O-O
11. O-O-O Be6 12. Bxc5 Qxc5 13. Qc2 Rad8 14. Bd3 h6 15. Rhe1 Qa5 16. a3 Kh8 17. Qe2 Bg4 18. h3 Bxf3 19. gxf3 Qh5 20. Be4 Rxd1+
21. Rxd1 Qxh3 22. Qb5 Qc8 23. Bf5 Qb8 24. Be4=
1/2-1/2

[Event "2006 Standard Chess Dropout Tournament, Round 2"]
[Site "SchemingMind.com"]
[Date "2006.03.13"]
[Round "2"]
[White "KaliYuga"]
[Black "bluerabbit"]
[Result "1/2-1/2"]
[WhiteCountry "IRL"]
[BlackCountry "NZL"]
[WhiteElo "1881"]
[WhiteRD "64"]
[BlackElo "1695"]
[BlackRD "79"]
[GameID "42497"]

1. d4 d5 2. Nf3 Bf5 3. c4 e6 4. Nc3 Bb4 5. a3 Bxc3+ 6. bxc3 Nf6 7. Bg5 Nbd7 8. Ne5 h6 9. Bxf6 Nxf6 10. e3 c6
11. f3 Qa5 12. Qb3 O-O 13. e4 dxe4 14. Be2 exf3 15. Bxf3 Rfd8 16. O-O Qb6 17. Qxb6 axb6 18. g4 Bg6 19. Nxg6 fxg6 20. Rfb1 Ra6
21. h4 Rda8 22. Rb3 Nd7 23. g5 hxg5 24. hxg5 Ra5 25. c5 b5 26. c4 R8a7 27. cxb5 Rxb5 28. Rxb5 cxb5 29. c6 bxc6 30. Bxc6 b4
31. Bxd7 Rxd7 32. axb4 Rxd4 33. Rb1 Rg4+ 34. Kf2 Rxg5 35. b5 Rc5 36. b6 Rc8 37. Ke3 Kf7 38. Kd4 g5 39. b7 Rb8 40. Kc5 Kg6
41. Kd6 Kf5 42. Kc7 Rxb7+ 43. Rxb7 g4 44. Kd6 g3 45. Rf7+ Kg4 46. Rxg7+ Kf3 47. Rf7+ Kg2 48. Kxe6 Kg1 49. Ke5 g2 50. Ke4 Kh1
51. Rh7+ Kg1 52. Kf3 Kf1 53. Rd7 g1=N+ 54. Ke3=
1/2-1/2

[Event "2006 Standard Chess Dropout Tournament, Round 2"]
[Site "SchemingMind.com"]
[Date "2006.03.13"]
[Round "2"]
[White "Katarrov"]
[Black "AdamMorris"]
[Result "1-0"]
[WhiteCountry "ESP"]
[BlackCountry "ENG"]
[WhiteElo "2192"]
[WhiteRD "83"]
[BlackElo "1442"]
[BlackRD "85"]
[GameID "42498"]

1. e4 e5 2. Nf3 Nc6 3. Bc4 Bc5 4. c3 a6 5. d4 exd4 6. cxd4 Ba7 7. Nc3 Nf6 8. e5 Ng8 9. d5 Nce7 10. d6 cxd6
11. exd6 Nc6 12. Qd5 Qf6 13. O-O b5 14. Re1+ Kf8 15. Bg5 Qg6 16. Nh4 Qh5 17. Be7+ Ngxe7 18. Qxh5 g6 19. Nxg6+ fxg6 20. Qh6+ Ke8
21. Rxe7+ Nxe7 22. Qg7 Rf8 23. Qxe7#
1-0

[Event "2006 Standard Chess Dropout Tournament, Round 2"]
[Site "SchemingMind.com"]
[Date "2006.03.12"]
[Round "2"]
[White "keen"]
[Black "langhab"]
[Result "1-0"]
[WhiteCountry "SCO"]
[BlackCountry "PHI"]
[WhiteElo "1699"]
[WhiteRD "79"]
[BlackElo "1704"]
[BlackRD "65"]
[GameID "42499"]

1. e4 c5 2. Nf3 d6 3. d4 cxd4 4. Nxd4 g6 5. Nc3 Bg7 6. Be3 a6 7. Qd2 Nf6 8. O-O-O O-O 9. Be2 Nc6 10. h4 Bd7
11. h5 b5 12. hxg6 fxg6 13. Bh6 Nxd4 14. Qxd4 Bxh6+ 15. Rxh6 Ng4 16. Bxg4 Bxg4 17. Rdh1 e5 18. Qd5+
1-0

[Event "2006 Standard Chess Dropout Tournament, Round 2"]
[Site "SchemingMind.com"]
[Date "2006.03.12"]
[Round "2"]
[White "Kid A"]
[Black "Archr"]
[Result "1-0"]
[WhiteCountry "FIN"]
[BlackCountry "USA"]
[WhiteElo "1777"]
[WhiteRD "87"]
[BlackElo "1592"]
[BlackRD "74"]
[GameID "42500"]

1. e4 e5 2. f4 exf4 3. Nf3 Be7 4. Bc4 Bh4+ 5. Kf1 d6 6. d4 Nf6 7. e5 dxe5 8. Nxh4 Bg4 9. Be2 Bxe2+ 10. Qxe2 Qxd4
11. Nf3 Qe4 12. Nxe5 Qxe2+ 13. Kxe2 g5 14. Nc3 Nbd7 15. Nxd7 Nxd7 16. Re1 O-O-O 17. b3 Nf6 18. Ba3 Ng4 19. Rh1 Rhe8+ 20. Kf3 Ne3
21. Rac1 Rd2 22. Ne4 Rxc2 23. Nxg5 Rxa2 24. Bd6 Kd7 25. Bxf4 Nd5 26. Rhd1 c6 27. Nxf7 Ke6 28. Ng5+ Kf5 29. g4+ Kg6 30. h4 Ree2
31. h5+ Kg7 32. Rxd5 Rf2+ 33. Kg3 cxd5 34. Rc7+ Kf6 35. Rf7#
1-0

[Event "2006 Standard Chess Dropout Tournament, Round 2"]
[Site "SchemingMind.com"]
[Date "2006.03.13"]
[Round "2"]
[White "langhab"]
[Black "renegade"]
[Result "0-1"]
[WhiteCountry "PHI"]
[BlackCountry "ENG"]
[WhiteElo "1649"]
[WhiteRD "65"]
[BlackElo "1625"]
[BlackRD "101"]
[GameID "42502"]

1. e4 c5 2. Nf3 Nc6 3. Bc4 e6 4. c3 a6 5. a4 Rb8 6. O-O b5 7. axb5 axb5 8. Bb3 c4 9. Bc2 e5 10. d4 cxd3
11. Bxd3 b4 12. c4 Nf6 13. Bg5 Bc5 14. Nbd2 O-O 15. Kh1 h6 16. Bxf6 Qxf6 17. Nb3 Bb6 18. Qe2 d6 19. h3 Be6 20. Nbd2 Ra8
21. Nb3 Ra7 22. Rxa7 Bxa7 23. Nbd2 Na5 24. Ra1 Qd8 25. b3 f5 26. Kh2 Qb6 27. Kg1 g5 28. Ne1 fxe4 29. Nxe4 Nxb3 30. Nxd6 Qxf2+
31. Qxf2 Bxf2+
0-1

[Event "2006 Standard Chess Dropout Tournament, Round 2"]
[Site "SchemingMind.com"]
[Date "2006.03.13"]
[Round "2"]
[White "John Elburg"]
[Black "agarr"]
[Result "1-0"]
[WhiteCountry "NED"]
[BlackCountry "RUS"]
[WhiteElo "2078"]
[WhiteRD "101"]
[BlackElo "1681"]
[BlackRD "67"]
[GameID "42503"]

1. e4 e5 2. Nf3 Nc6 3. Bb5 Bc5 4. O-O Nd4 5. Nxd4 Bxd4 6. c3 Bb6 7. d4 exd4 8. cxd4 Ne7 9. Nc3 O-O 10. Bg5 f6
11. Bc4+ Kh8 12. Be3 c6 13. Qb3 Bc7 14. a4 Ng6 15. f4 f5 16. e5 d5 17. Be2 Rg8 18. Rf3 b6 19. Rh3 Be6 20. Qd1 Qe7
21. Bb5 h6 22. Bxc6 Rad8 23. Qh5 Qf7 24. Bb5 Ne7 25. Qxf7 Bxf7 26. Rc1 Be8 27. Ba6 Rb8 28. Nb5 Bxb5 29. Bxb5 Bd8 30. Bd2 a5
31. Kf2 Rc8 32. Rhc3 Rxc3 33. bxc3 g5 34. fxg5 hxg5 35. c4 f4 36. cxd5 Nf5 37. Bd3 Nh6 38. h3 Rf8 39. d6 g4 40. e6 g3+
41. Kf3
1-0

[Event "2006 Standard Chess Dropout Tournament, Round 2"]
[Site "SchemingMind.com"]
[Date "2006.03.12"]
[Round "2"]
[White "latvija"]
[Black "Andoni Zabala"]
[Result "1-0"]
[WhiteCountry "USA"]
[BlackCountry "INT"]
[WhiteElo "2083"]
[WhiteRD "92"]
[BlackElo "1660"]
[BlackRD "80"]
[GameID "42504"]

1. e4 c5 2. Nc3 d6 3. Nf3 Nc6 4. d4 cxd4 5. Nxd4 a6 6. Be3 Nf6 7. Bc4 Nxd4 8. Bxd4 e5 9. Be3 Be7 10. O-O O-O
11. Qd3 Be6 12. Bb3 Bxb3 13. axb3 b5 14. f4 b4 15. Na4 a5 16. Nb6 Rb8 17. Nc4 Re8 18. Rxa5 d5 19. exd5 e4 20. Qd2 Bf8
21. Rd1 Qd7 22. Bd4 Be7 23. Qe2 Bd8 24. Ra7 Qg4 25. Qxg4 Nxg4 26. h3 Nf6 27. d6 h6 28. d7 Re6 29. Be5 Rxe5 30. fxe5 Nxd7
31. Rdxd7 e3 32. Rxf7 Bb6 33. Nxb6 Rxb6 34. Rxg7+ Kh8 35. Rge7
1-0

[Event "2006 Standard Chess Dropout Tournament, Round 2"]
[Site "SchemingMind.com"]
[Date "2006.03.13"]
[Round "2"]
[White "lea_dc"]
[Black "cnbcad"]
[Result "1-0"]
[WhiteCountry "ARG"]
[BlackCountry "USA"]
[WhiteElo "1712"]
[WhiteRD "93"]
[BlackElo "1315"]
[BlackRD "63"]
[GameID "42505"]

1. e4 e5 2. Nf3 Nc6 3. Bb5 d6 4. d4 Bd7 5. dxe5 a6 6. Bxc6 bxc6 7. Nc3 Bg4 8. exd6 cxd6 9. O-O Be7 10. h3 Bxf3
11. Qxf3 Nf6 12. Rd1 Qc7 13. Bf4 O-O 14. Rd2 Rad8 15. Rad1 Qb8 16. b3 Qb4 17. h4 d5 18. exd5 cxd5 19. Nxd5 Nxd5 20. Rxd5 Bxh4
21. Bd6 Rxd6 22. Rxd6 Bf6 23. Rxa6 Qh4 24. a4 Be5 25. g3 Qb4 26. Ra8 g6 27. Rxf8+ Kxf8 28. Qe3 Bc7 29. Re1 Bd6 30. Qe4 Qd2
31. Kf1 Bc5 32. Qe2 Qd4 33. Qe3
1-0

[Event "2006 Standard Chess Dropout Tournament, Round 2"]
[Site "SchemingMind.com"]
[Date "2006.03.12"]
[Round "2"]
[White "lemme howdt"]
[Black "agrillage"]
[Result "0-1"]
[WhiteCountry "USA"]
[BlackCountry "MLT"]
[WhiteElo "1447"]
[WhiteRD "108"]
[BlackElo "2053"]
[BlackRD "75"]
[GameID "42506"]

1. e4 c5 2. Nf3 g6 3. d4 Bg7 4. dxc5 Qa5+ 5. Qd2 Qxc5 6. c3 d6 7. b4 Qc7 8. Bb2 Nf6 9. Bd3 O-O 10. O-O d5
11. e5 Ng4 12. h3 Nxe5 13. Nxe5 Bxe5 14. Re1 Be6 15. Qg5 Bf6 16. Qe3 Nc6 17. Nd2 Nxb4 18. cxb4 Bxb2 19. Rab1 Bg7 20. Rec1 Qd7
21. a4 d4 22. Qf3 Bd5 23. Be4 Bxe4 24. Qxe4 Rac8 25. b5 Rc3 26. Re1 e6 27. Red1 Rfc8 28. Nf3 R8c4 29. Ra1 d3 30. Qe1 Rc2
31. Ne5 Bxe5 32. Qxe5 d2 33. Qg5 Qd4 34. Qe3 Qxe3 35. fxe3 Rc1 36. Kf2 Rxa1 37. Rxa1 Rc1
0-1

[Event "2006 Standard Chess Dropout Tournament, Round 2"]
[Site "SchemingMind.com"]
[Date "2006.03.12"]
[Round "2"]
[White "leopasta"]
[Black "winkel"]
[Result "0-1"]
[WhiteCountry "BRA"]
[BlackCountry "DEN"]
[WhiteElo "1525"]
[WhiteRD "150"]
[BlackElo "2112"]
[BlackRD "68"]
[GameID "42507"]

1. e4 c5 2. Nf3 d6 3. d4 Nf6 4. Nc3 cxd4 5. Nxd4 e6 6. g4 h6 7. h4 Be7 8. Qf3 Nc6 9. Bb5 Bd7 10. Bxc6 bxc6
11. g5 hxg5 12. hxg5 Rxh1+ 13. Qxh1 Ng4 14. Qg2 Ne5 15. f4 Qb6 16. fxe5 Qxd4 17. exd6 Qxd6 18. Be3 Qb4 19. Rb1 Qa5 20. Bd2 Rd8
21. g6 Bc8 22. gxf7+ Kxf7 23. Qf3+ Kg8 24. a3 Bh4+ 25. Kd1 Qg5 26. Nd5 Qg1+ 27. Ke2 Ba6+
0-1

[Event "2006 Standard Chess Dropout Tournament, Round 2"]
[Site "SchemingMind.com"]
[Date "2006.03.13"]
[Round "2"]
[White "lumilinna"]
[Black "surfnsuds"]
[Result "1-0"]
[WhiteCountry "FIN"]
[BlackCountry "USA"]
[WhiteElo "1819"]
[WhiteRD "71"]
[BlackElo "1344"]
[BlackRD "94"]
[GameID "42508"]

1. d4 d5 2. c4 e6 3. Nc3 dxc4 4. e3 Nc6 5. Bxc4 a6 6. Nf3 Nf6 7. O-O Bd6 8. e4 e5 9. dxe5 Bxe5 10. Qxd8+ Kxd8
11. Bxf7 Bg4 12. Ng5 Nd4 13. h3 Bd7 14. f4 Nc2 15. fxe5 Nxa1 16. exf6 h6 17. fxg7 Rg8 18. Bxg8 hxg5 19. Bxg5+ Kc8 20. Rf8+
1-0

[Event "2006 Standard Chess Dropout Tournament, Round 2"]
[Site "SchemingMind.com"]
[Date "2006.03.14"]
[Round "2"]
[White "markagodfrey"]
[Black "pedrinho"]
[Result "1/2-1/2"]
[WhiteCountry "GBR"]
[BlackCountry "GBR"]
[WhiteElo "2108"]
[WhiteRD "80"]
[BlackElo "2095"]
[BlackRD "131"]
[GameID "42509"]

1. e4 e6 2. d4 d5 3. Nc3 Bb4 4. e5 c5 5. a3 Bxc3+ 6. bxc3 Ne7 7. Qg4 O-O 8. Bd3 c4 9. Bh6 Ng6 10. Bxg6 fxg6
11. Be3 Nc6 12. Ne2 b5 13. O-O Bd7 14. Nf4 Ne7 15. Nh3 Nf5 16. Bg5 Qa5 17. Bd2 Rae8 18. Rfb1 a6 19. Ng5 Nh6 20. Qh3 Rf5
21. g4 Rff8 22. a4 bxa4 23. Nxh7 Kxh7 24. g5 Rf5 25. gxh6 Bc6 26. hxg7+ Rh5 27. g8=Q+ Kxg8 28. Qg3 Kh7 29. h4 Rf5 30. Bg5 Qc7
31. Kh1 Rb8 32. Rg1 Qf7 33. f4 Rb2 34. Rg2 a5=
1/2-1/2

[Event "2006 Standard Chess Dropout Tournament, Round 2"]
[Site "SchemingMind.com"]
[Date "2006.03.13"]
[Round "2"]
[White "Juan Jose Rivas Maceda"]
[Black "rabbit"]
[Result "0-1"]
[WhiteCountry "PER"]
[BlackCountry "USA"]
[WhiteElo "1962"]
[WhiteRD "117"]
[BlackElo "2051"]
[BlackRD "84"]
[GameID "42510"]

1. e4 e5 2. Nf3 Nc6 3. Bb5 a6 4. Ba4 Nf6 5. O-O Nxe4 6. Re1 Nc5 7. Bxc6 dxc6 8. Nxe5 Be7 9. d4 Ne6 10. Nc3 Qxd4
11. Qh5 O-O 12. Be3 Qh4 13. Qxh4 Bxh4 14. Rad1 f5 15. g3 Bf6 16. f4 Rd8 17. Rxd8+ Nxd8 18. Bf2 Ne6 19. h4 h5 20. a3 a5
21. Kg2 a4
0-1

[Event "2006 Standard Chess Dropout Tournament, Round 2"]
[Site "SchemingMind.com"]
[Date "2006.03.12"]
[Round "2"]
[White "Masticore99"]
[Black "Michael Preier"]
[Result "0-1"]
[WhiteCountry "USA"]
[BlackCountry "GER"]
[WhiteElo "1554"]
[WhiteRD "75"]
[BlackElo "1529"]
[BlackRD "108"]
[GameID "42511"]

1. e4 e5 2. Nf3 Nc6 3. Bb5 Nd4 4. Nxd4 exd4 5. O-O Nf6 6. e5 Nd5 7. Qf3 c6 8. Bc4 Qa5 9. c3 Be7 10. b4 Qc7
11. Bxd5 cxd5 12. Qxd5 dxc3 13. Nxc3 O-O 14. Qf3 Qxe5 15. Bb2 Bxb4 16. Rfe1 Qg5 17. d4 d5 18. Re5 Qd2 19. Nxd5 Qxb2 20. Rd1 Bd6
21. Rg5 h6 22. Nf6+ Kh8 23. Qh5 Be7 24. Rb5 Qa3 25. Ra5 Qd6 26. Ne4 Qf4 27. Ng3 Bg4 28. Qe5 Qxe5 29. Rxe5 Bxd1 30. Rxe7 Rfe8
31. Rxe8+ Rxe8 32. f3 g6 33. Kf2 f5 34. Nf1 f4 35. g3 Re2+ 36. Kg1 Rxa2 37. gxf4 Bxf3 38. Ne3 Ra4 39. Kf2 Bh1 40. Kg1 Ra1+
41. Kf2 Ra4 42. Kg1 Ra3 43. Nc2 Rc3
0-1

[Event "2006 Standard Chess Dropout Tournament, Round 2"]
[Site "SchemingMind.com"]
[Date "2006.03.13"]
[Round "2"]
[White "Mel"]
[Black "mkefeli"]
[Result "0-1"]
[WhiteCountry "USA"]
[BlackCountry "TUR"]
[WhiteElo "1495"]
[WhiteRD "105"]
[BlackElo "1970"]
[BlackRD "84"]
[GameID "42512"]

1. e4 c5 2. c3 Qa5 3. Bc4 e6 4. Nf3 b5 5. Be2 c4 6. b3 Bb7 7. d3 cxd3 8. Bxd3 a6 9. O-O Be7 10. b4 Qc7
11. Bb2 d6 12. Nbd2 Nf6 13. Qe2 O-O 14. Rac1 Nc6 15. a3 Rad8 16. c4 bxc4 17. Bxc4 Qb6 18. e5 Nxe5 19. Bxe5 dxe5 20. Nxe5 Nd7
21. Rfe1 Nxe5 22. Qxe5 Rxd2 23. Qf4 Bg5 24. Qg3 Rfd8 25. Rc3 h6 26. Re5 Bf6
0-1

[Event "2006 Standard Chess Dropout Tournament, Round 2"]
[Site "SchemingMind.com"]
[Date "2006.03.13"]
[Round "2"]
[White "mick"]
[Black "banong"]
[Result "0-1"]
[WhiteCountry "USA"]
[BlackCountry "PHI"]
[WhiteElo "1671"]
[WhiteRD "101"]
[BlackElo "1877"]
[BlackRD "77"]
[GameID "42513"]

1. e4 e5 2. Nf3 Nc6 3. Bb5 a6 4. Bxc6 bxc6 5. Nxe5 Qe7 6. d4 Bb7 7. Nc3 Nf6 8. Bg5 d6 9. Bxf6 Qxf6 10. Ng4 Qg6
11. O-O Be7 12. d5 O-O 13. h3 cxd5 14. e5 h5 15. Ne3 c6 16. f4 dxe5 17. fxe5 Bc5 18. Rf3 Rad8 19. Na4 Ba7 20. Kh1 c5
21. Qf1 d4 22. Nf5 Qe6 23. Rg3 g6 24. Qf4 Bc8 25. b3 Qxf5 26. Qh6 Qxe5 27. Rg5 Qf6 28. Qxh5 Rfe8 29. Nb2 d3 30. cxd3 Qxb2
31. Rf1 Re6
0-1

[Event "2006 Standard Chess Dropout Tournament, Round 2"]
[Site "SchemingMind.com"]
[Date "2006.03.12"]
[Round "2"]
[White "Michael Preier"]
[Black "AntoniusBloch"]
[Result "0-1"]
[WhiteCountry "GER"]
[BlackCountry "SWE"]
[WhiteElo "1528"]
[WhiteRD "119"]
[BlackElo "1610"]
[BlackRD "173"]
[GameID "42514"]

1. e4 c5 2. Nf3 Nf6 3. Nc3 d5 4. exd5 Nxd5 5. Ne4 e6 6. Bc4 Nc6 7. O-O Be7 8. d4 cxd4 9. Bb5 Bd7 10. Nfg5 h6
11. Qh5 g6 12. Qh4 f5 13. Ng3 Bxg5 14. Bxg5 Qxg5 15. Qh3 Nf4
0-1

[Event "2006 Standard Chess Dropout Tournament, Round 2"]
[Site "SchemingMind.com"]
[Date "2006.03.12"]
[Round "2"]
[White "Miquel_Anguís"]
[Black "hph46"]
[Result "0-1"]
[WhiteCountry "ESP"]
[BlackCountry "GER"]
[WhiteElo "1370"]
[WhiteRD "97"]
[BlackElo "1870"]
[BlackRD "167"]
[GameID "42515"]

1. e4 e5 2. Nf3 Nc6 3. Bb5 a6 4. Ba4 Nf6 5. O-O Be7 6. Re1 b5 7. Bb3 O-O 8. c3 d6 9. d4 Bg4 10. d5 Na5
11. Bc2 c5 12. h3 Bh5 13. Nbd2 Bg6 14. Nh4 Bh5
0-1

[Event "2006 Standard Chess Dropout Tournament, Round 2"]
[Site "SchemingMind.com"]
[Date "2006.03.16"]
[Round "2"]
[White "mkefeli"]
[Black "leopasta"]
[Result "1-0"]
[WhiteCountry "TUR"]
[BlackCountry "BRA"]
[WhiteElo "1881"]
[WhiteRD "90"]
[BlackElo "1510"]
[BlackRD "148"]
[GameID "42516"]

1. d4 g6 2. Nf3 Nf6 3. g3 Bg7 4. Bg2 O-O 5. O-O d6 6. c4 Nbd7 7. Nc3 e5 8. dxe5 dxe5 9. b4 Qe7 10. Qb3 e4
11. Ng5 h6 12. Nh3 Re8 13. Nf4 b6 14. Ncd5 Nxd5 15. Nxd5 Qd6 16. Bf4 Qc6 17. Nxc7 Bxa1 18. Nxe8 Be5 19. b5 Qb7 20. Nd6 Bxd6
21. Bxd6 Nc5 22. Qe3 g5 23. Bxc5 bxc5 24. Bxe4
1-0

[Event "2006 Standard Chess Dropout Tournament, Round 2"]
[Site "SchemingMind.com"]
[Date "2006.03.13"]
[Round "2"]
[White "naughtypawn"]
[Black "Ilang"]
[Result "0-1"]
[WhiteCountry "ESP"]
[BlackCountry "HUN"]
[WhiteElo "1872"]
[WhiteRD "109"]
[BlackElo "2111"]
[BlackRD "76"]
[GameID "42517"]

1. e4 e5 2. Nf3 Nc6 3. d4 exd4 4. Nxd4 Bc5 5. Be3 Qf6 6. c3 Nge7 7. Bc4 b6 8. O-O Bb7 9. f4 O-O-O 10. Rf3 g6
11. a3 Qg7 12. Ba2 Rhe8 13. b4 Nxd4 14. cxd4 Nf5 15. bxc5 Rxe4 16. Bf2 Nxd4 17. Bxd4 Rxd4 18. Qf1 Bxf3 19. Qxf3 d5 20. cxb6 axb6
21. Nc3 Rd2 22. Qe3 Rc2 23. Rc1 Rxc1+ 24. Qxc1 Qd4+ 25. Kh1 Qc5 26. Qe1 d4 27. Nd1 f5 28. Qd2 d3 29. Be6+ Kb7 30. Nc3 Re8
31. Bd5+ c6 32. Bf3 Kc7 33. h3 Qe3 34. Qxe3 Rxe3 35. Kg1 d2 36. Nd1 Re1+ 37. Kf2 Re8 38. Nc3 b5 39. Nb1 Re4 40. Nxd2 Rxf4
41. Ke3 Ra4 42. Nb1 Kd6 43. Kd3 Kc5 44. Bd1 Ra7 45. Kc3 h5 46. Kb2 Rd7 47. Kc2 Rd8 48. Nd2 Re8 49. Bf3 Re3 50. h4 Rxa3
51. Nb3+ Kd6 52. Nd4 Ra4 53. Kc3 Rc4+
0-1

[Event "2006 Standard Chess Dropout Tournament, Round 2"]
[Site "SchemingMind.com"]
[Date "2006.03.12"]
[Round "2"]
[White "neoliminal"]
[Black "AaronB"]
[Result "0-1"]
[WhiteCountry "CRC"]
[BlackCountry "USA"]
[WhiteElo "1292"]
[WhiteRD "94"]
[BlackElo "1610"]
[BlackRD "72"]
[GameID "42518"]

1. d4 Nf6 2. Bg5 d5 3. Nc3 Nbd7 4. f3 b6 5. e3 Bb7 6. Bb5 a6 7. Bxd7+ Qxd7 8. Bxf6 exf6 9. a3 Bd6 10. h4 Bg3+
11. Kd2 O-O 12. Nge2 Bd6 13. g4 Rfe8 14. h5 Qe6 15. Kc1 Qxe3+ 16. Kb1 Qxf3 17. h6 g6 18. Rf1 Qxg4 19. Rxf6 Qg5 20. Rf3 Qxh6
21. b4 c6 22. Qf1 Qg7 23. Kb2 c5 24. Nf4 cxd4 25. Nd1 d3+ 26. Kb1 dxc2+ 27. Kxc2 Qxa1 28. Rc3 d4
0-1

[Event "2006 Standard Chess Dropout Tournament, Round 2"]
[Site "SchemingMind.com"]
[Date "2006.03.12"]
[Round "2"]
[White "NimbleKnight"]
[Black "C. H. O'D. Schlechter"]
[Result "0-1"]
[WhiteCountry "USA"]
[BlackCountry "USA"]
[WhiteElo "1844"]
[WhiteRD "108"]
[BlackElo "2278"]
[BlackRD "74"]
[GameID "42519"]

1. e4 e5 2. Nf3 Nc6 3. Bb5 Nf6 4. O-O Nxe4 5. Re1 Nd6 6. Nxe5 Be7 7. Bf1 Nxe5 8. Rxe5 O-O 9. Nc3 Ne8 10. d4 Bf6
11. Re1 d5 12. Bf4 c6 13. Ne2 Bf5 14. Ng3 Bg6 15. c3 Nc7 16. Bd3 Ne6 17. Be3 Qb6 18. b3 Rae8 19. Bxg6 fxg6 20. Qc2 Be7
21. Re2 Bd6 22. Rae1 Qd8 23. Bc1 Qf6 24. Nf1 Re7 25. Ng3 b6 26. Nf1 Rfe8 27. Ng3 b5 28. Qd3 b4 29. cxb4 Qxd4 30. Qxd4 Nxd4
31. Rxe7 Rxe7 32. Rxe7 Bxe7 33. Be3 Nc2 34. Bxa7 Nxb4 35. a4 c5 36. Kf1 Kf7 37. Ke2 Ke6 38. Bb8 Nc6 39. Bf4 Nd4+ 40. Kd1 Nxb3
41. Kc2 c4 42. Ne2 d4 43. Nc1 Nxc1 44. Kxc1 Bb4 45. Bc7 d3 46. a5 c3 47. a6 Ba3+ 48. Kb1 c2+ 49. Ka2 c1=Q
0-1